| 000 | 00585nam a2200121Ia 4500 | ||
|---|---|---|---|
| 008 | 220616s9999||||xx |||||||||||||| ||und|| | ||
| 245 | 0 |
_aOne Word - Yak Kaleme _b19th-Century Persian Treatise introducing Western Codified Law |
|
| 546 | _aEnglish[eng] | ||
| 650 | _aHistory||Islam & Law||islam||law||Code of law||Europe||God||God in Islam||Persian Empire||Persians||Quran||Sharia||Surah | ||
| 700 | _aSeyed-Gohrab, Asghar | ||
| 856 | _uhttps://library.oapen.org/bitstream/20.500.12657/45644/1/625757.pdf||https://library.oapen.org/bitstream/20.500.12657/31704/1/625757.pdf | ||
| 942 | _cEB | ||
| 999 |
_c20632 _d20632 |
||